[Event "FRA-chT3 1516"]
[Site "France"]
[Date "2016.01.10"]
[Round "4.1"]
[White "Renard, Stephane"]
[Black "Dvorsak, Hans"]
[Result "1-0"]
[WhiteElo "1984"]
[BlackElo "1880"]
[PlyCount "105"]
[EventDate "2015.10.04"]
[EventType "team-tourn"]
[EventRounds "9"]
[EventCountry "FRA"]
[SourceTitle "EXT 2019"]
[Source "ChessBase"]
[SourceDate "2018.10.10"]
[SourceVersion "1"]
[SourceVersionDate "2018.10.10"]
[SourceQuality "1"]

1. f4 Nf6 2. Nf3 c5 3. e3 Qa5 4. Be2 b5 5. 0-0 Bb7 6. d4 e6 7. c4 bxc4 8. Bxc4 d5 9. Be2 Ba6 10. Nc3 Bxe2 11. Qxe2 Qb6 12. b3 Ne4 13. Bb2 cxd4 14. Nxe4 dxe4 15. Nxd4 Bc5 16. Rac1 0-0 17. Qc2 Bxd4 18. Bxd4 Qb7 19. Qc7 Qxc7 20. Rxc7 a5 21. Rfc1 Na6 22. R7c4 Nb4 23. Bc5 Nd3 24. Bxf8 Nxc1 25. Bd6 Nxa2 26. Rc2 Nb4 27. Bxb4 axb4 28. Rc4 Rb8 29. Rxe4 Kf8 30. Kf2 Ke7 31. Rd4 Rb7 32. g4 Kf6 33. h4 e5 34. Rd6+ Ke7 35. fxe5 f6 36. Rc6 fxe5 37. Kf3 Kd7 38. Rc4 Kd6 39. Ke4 Rb5 40. Rc8 Ke7 41. Rc7+ Kf6 42. Rd7 h6 43. Rd5 Rxd5 44. Kxd5 h5 45. gxh5 Kf5 46. e4+ Kf4 47. h6 gxh6 48. h5 Kg5 49. Kxe5 Kxh5 50. Kf5 Kh4 51. e5 h5 52. e6 Kg3 53. e7 1-0

[Event "Nord-ch Senior"]
[Site "Calais"]
[Date "2015.11.24"]
[Round "4"]
[White "Dvorsak, Hans"]
[Black "Van Maele, Richard"]
[Result "1-0"]
[WhiteElo "1874"]
[BlackElo "1731"]
[PlyCount "105"]
[EventDate "2015.11.22"]
[EventType "tourn"]
[EventRounds "9"]
[EventCountry "FRA"]
[SourceTitle "EXT 2024"]
[Source "ChessBase"]
[SourceDate "2023.10.10"]
[SourceVersion "1"]
[SourceVersionDate "2023.10.10"]
[SourceQuality "1"]

1. e4 e6 2. d4 d5 3. Nc3 c5 4. exd5 exd5 5. dxc5 d4 6. Bb5+ Nc6 7. Bxc6+ bxc6 8. Nce2 Bxc5 9. Nf3 d3 10. Qxd3 Qxd3 11. cxd3 Ba6 12. d4 Bd6 13. 0-0 Nf6 14. Re1 0-0 15. Bf4 Rfd8 16. Bxd6 Rxd6 17. Nc3 h6 18. Re7 Rd7 19. Rae1 Kf8 20. Rxd7 Nxd7 21. h3 Re8 22. Rxe8+ Kxe8 23. Ne5 Bb7 24. Ne4 Ke7 25. f4 Nb6 26. Nc5 Ba8 27. Kf2 f6 28. Ned3 Kd6 29. Ke3 g6 30. b3 Nd5+ 31. Kf3 Nc3 32. a4 Kd5 33. Ke3 Kd6 34. Nf2 Nd5+ 35. Kf3 f5 36. Nd1 Ne7 37. Ke3 Nd5+ 38. Kf3 Ne7 39. Ne3 Nd5 40. Nc4+ Ke7 41. Ne5 Kf6 42. g3 Kg7 43. Ke2 g5 44. fxg5 hxg5 45. Nc4 Kf6 46. Ne3 Ne7 47. Kf3 Ng6 48. Nc4 Ne7 49. Nd6 Nd5 50. Nc8 a6 51. Nd6 Kg6 52. a5 Kf6 53. Nc8 1-0

[Event "Nord-ch Senior"]
[Site "Calais"]
[Date "2015.11.23"]
[Round "2"]
[White "Dvorsak, Hans"]
[Black "Urbaniak, Patrick"]
[Result "1-0"]
[WhiteElo "1875"]
[BlackElo "1815"]
[PlyCount "43"]
[EventDate "2015.11.22"]
[EventType "tourn"]
[EventRounds "9"]
[EventCountry "FRA"]
[SourceTitle "EXT 2024"]
[Source "ChessBase"]
[SourceDate "2023.10.10"]
[SourceVersion "1"]
[SourceVersionDate "2023.10.10"]
[SourceQuality "1"]

1. e4 c5 2. Nf3 d6 3. d4 cxd4 4. Nxd4 Nf6 5. Nc3 a6 6. Be3 e6 7. Be2 Be7 8. Qd2 0-0 9. g4 b5 10. a3 Bb7 11. f3 Nbd7 12. g5 Ne8 13. h4 g6 14. h5 e5 15. Nb3 Nc5 16. hxg6 fxg6 17. a4 Nxa4 18. Nxa4 bxa4 19. Na5 Qc8 20. Nxb7 Qxb7 21. Bc4+ Kg7 22. Rxh7+ 1-0

[Event "Lille Luce op 6th"]
[Site "Lille"]
[Date "2015.??.??"]
[Round "8.24"]
[White "Bianchi, Guillaume"]
[Black "Dvorsak, Hans"]
[Result "1-0"]
[WhiteElo "2150"]
[BlackElo "1878"]
[PlyCount "78"]
[EventDate "2015.05.04"]
[EventType "swiss"]
[EventRounds "9"]
[EventCountry "FRA"]
[SourceTitle "EXT 2017"]
[Source "ChessBase"]
[SourceDate "2016.10.25"]
[SourceVersion "1"]
[SourceVersionDate "2016.10.25"]
[SourceQuality "1"]

1. d4 Nf6 2. c4 e6 3. g3 Ne4 4. a3 f5 5. Nd2 d5 6. Ngf3 Nd7 7. Bg2 c6 8. 0-0 Be7 9. Ne1 Nxd2 10. Bxd2 dxc4 11. Rc1 Nb6 12. Ba5 Qd6 13. Nf3 Bf6 14. Re1 Bd7 15. e4 fxe4 16. Bb4 Qd5 17. Nd2 Qxd4 18. Bc3 Qd5 19. Bxe4 Qg5 20. Nf3 Qh6 21. Ne5 Rd8 22. Ng4 Qg5 23. h4 Qb5 24. Nxf6+ gxf6 25. Bxf6 Rf8 26. Bg5 Qxb2 27. f4 Qxa3 28. Kh2 Rf7 29. Qh5 Qb2+ 30. Rc2 Qg7 31. f5 e5 32. f6 Qg8 33. Bg2 Qg6 34. Rxe5+ Kf8 35. Bh6+ Kg8 36. Rg5 Bf5 37. Rxg6+ Bxg6 38. Qg5 Nd5 39. h5 Rxf6 1-0

[Event "Avoine op 25th"]
[Site "Avoine"]
[Date "2010.07.17"]
[Round "1"]
[White "Dvorsak, Hans"]
[Black "Lukasiewicz, Anna"]
[Result "0-1"]
[WhiteElo "1931"]
[BlackElo "2097"]
[PlyCount "104"]
[EventDate "2010.07.17"]
[EventType "swiss"]
[EventRounds "9"]
[EventCountry "FRA"]
[SourceTitle "EXT 2011"]
[Source "ChessBase"]
[SourceDate "2010.11.26"]
[SourceVersion "1"]
[SourceVersionDate "2010.11.26"]
[SourceQuality "1"]

1. e4 c5 2. Nf3 Nc6 3. d4 cxd4 4. Nxd4 g6 5. Nc3 Bg7 6. Be3 Nf6 7. Nxc6 dxc6 8. Qxd8+ Kxd8 9. f3 Be6 10. Bd3 Nd7 11. Ne2 Nb6 12. Bd4 Bxd4 13. Nxd4 Bd7 14. Nb3 Na4 15. 0-0-0 Kc7 16. Rd2 e5 17. Bc4 f6 18. Rhd1 Rad8 19. Na5 Bc8 20. Rxd8 Rxd8 21. Rxd8 Kxd8 22. Bg8 h6 23. Bh7 g5 24. Nc4 h5 25. Ne3 h4 26. Bf5 Bxf5 27. Nxf5 Kd7 28. h3 Nc5 29. Kd2 Ne6 30. Ke3 a5 31. c3 Nf4 32. g3 hxg3 33. h4 gxh4 34. Nxh4 g2 35. Kf2 Nd3+ 36. Kxg2 Nxb2 37. f4 Nd1 38. fxe5 fxe5 39. c4 Ne3+ 40. Kf3 Nxc4 41. Ke2 Kd6 42. Kd3 b5 43. Nf5+ Kc5 44. Ng7 Kb4 45. Ne6 a4 46. Nd8 c5 47. Nc6+ Ka3 48. Na7 Nd6 49. Nc6 c4+ 50. Ke3 Kxa2 51. Nxe5 Kb2 52. Kd4 a3 0-1